[Event "SVK-ch rapid"]
[Site "Topolcany"]
[Date "2020.07.11"]
[Round "5"]
[White "Kolesar, Peter"]
[Black "Dziewonski, Dariusz"]
[Result "0-1"]
[WhiteElo "1962"]
[BlackElo "1661"]
[PlyCount "98"]
[EventDate "2020.07.11"]
[EventType "swiss (rapid)"]
[EventRounds "9"]
[EventCountry "SVK"]
[SourceTitle "CBM 197 Extra"]
[Source "ChessBase"]
[SourceDate "2020.09.30"]
[SourceVersion "1"]
[SourceVersionDate "2020.09.30"]
[SourceQuality "1"]

1. e4 c5 2. Nf3 d6 3. d4 cxd4 4. Nxd4 Nf6 5. Nc3 g6 6. Be3 Bg7 7. f3 0-0 8. Qd2 Nc6 9. 0-0-0 Nxd4 10. Bxd4 Be6 11. Kb1 Qc7 12. g4 Rfc8 13. h4 Qa5 14. Bxf6 Bxf6 15. Nd5 Qxd2 16. Nxf6+ Kg7 17. Rxd2 Kxf6 18. Be2 Ke5 19. b3 f5 20. gxf5 gxf5 21. Bd3 f4 22. Rg1 Rg8 23. Rdg2 Rxg2 24. Rxg2 Rg8 25. Rg5+ Rxg5 26. hxg5 Kd4 27. e5 Kxe5 28. Bxh7 Bf5 29. Bg8 Bg6 30. Kc1 Kf5 31. Bd5 b6 32. Kd2 Kxg5 33. c4 Kh4 34. Ke2 Kg3 35. b4 Bb1 36. a4 a5 37. bxa5 bxa5 38. Bc6 Ba2 39. Kd3 e5 40. Ke4 Bxc4 41. Kf5 Be2 42. Ke6 Bxf3 43. Bb5 e4 44. Kxd6 e3 45. Kc5 e2 46. Bxe2 Bxe2 47. Kb6 Bd1 48. Kxa5 f3 49. Kb4 Bxa4 0-1

[Event "SVK-chT2C 1920"]
[Site "Slovakia"]
[Date "2020.01.26"]
[Round "7.5"]
[White "Kolesar, Peter"]
[Black "Murin, Pavol"]
[Result "0-1"]
[WhiteElo "1981"]
[BlackElo "1986"]
[PlyCount "76"]
[EventDate "2019.10.26"]
[EventType "team-tourn"]
[EventRounds "11"]
[EventCountry "SVK"]
[SourceTitle "CBM 194 Extra"]
[Source "ChessBase"]
[SourceDate "2020.03.31"]
[SourceVersion "1"]
[SourceVersionDate "2020.03.31"]
[SourceQuality "1"]
[WhiteTeam "Zilina Mladost III"]
[BlackTeam "Bziny"]
[WhiteTeamCountry "SVK"]
[BlackTeamCountry "SVK"]

1. e4 c5 2. Nf3 d6 3. d4 cxd4 4. Nxd4 Nf6 5. Nc3 a6 6. Bc4 e6 7. Bb3 Be7 8. Be3 Bd7 9. Qf3 Nc6 10. 0-0-0 Rc8 11. Rhg1 Ne5 12. Qe2 b5 13. f3 Nc4 14. Rd3 Nxe3 15. Qxe3 Ng4 16. Qe1 Ne5 17. Rd1 Qb6 18. f4 Nc4 19. f5 Bf6 20. fxe6 fxe6 21. Nce2 a5 22. Bxc4 Rxc4 23. Qd2 Ke7 24. Kb1 Rhc8 25. c3 b4 26. cxb4 Rxb4 27. Rgf1 Rb8 28. b3 a4 29. Rxf6 gxf6 30. Nc3 axb3 31. Nxb3 Ba4 32. Nxa4 Rxa4 33. Kb2 Rxe4 34. Qd3 f5 35. Rd2 Rc8 36. Qh3 Qe3 37. Qxh7+ Kf6 38. Qd7 Qc3+ 0-1

[Event "SVK-chT2C 1920"]
[Site "Slovakia"]
[Date "2019.12.14"]
[Round "5.4"]
[White "Gajdosik, Andrej"]
[Black "Kolesar, Peter"]
[Result "1/2-1/2"]
[WhiteElo "2013"]
[BlackElo "1981"]
[PlyCount "86"]
[EventDate "2019.10.26"]
[EventType "team-tourn"]
[EventRounds "11"]
[EventCountry "SVK"]
[SourceTitle "CBM 194 Extra"]
[Source "ChessBase"]
[SourceDate "2020.03.31"]
[SourceVersion "1"]
[SourceVersionDate "2020.03.31"]
[SourceQuality "1"]
[WhiteTeam "Zilina Mladost II"]
[BlackTeam "Zilina Mladost III"]
[WhiteTeamCountry "SVK"]
[BlackTeamCountry "SVK"]

1. d4 Nf6 2. Nf3 g6 3. c4 c5 4. Nc3 cxd4 5. Nxd4 Bg7 6. g3 Nc6 7. Bg2 0-0 8. 0-0 a6 9. Nxc6 bxc6 10. e4 Qc7 11. Be3 d6 12. h3 Be6 13. Qe2 Nd7 14. Rac1 Nb6 15. b3 Rae8 16. f4 Bc8 17. f5 a5 18. Qf2 Nd7 19. Na4 c5 20. Nc3 Ne5 21. Rfd1 Bb7 22. g4 Bc6 23. Nd5 Bxd5 24. exd5 Qd7 25. Be4 f6 26. fxg6 hxg6 27. Rf1 Ra8 28. Qc2 Qe8 29. Bf4 f5 30. gxf5 gxf5 31. Bxf5 Qh5 32. Bxe5 Bxe5 33. Bg4 Qg5 34. Qg2 Kh8 35. Rxf8+ Rxf8 36. Rf1 Rxf1+ 37. Qxf1 Kg7 38. Kg2 Bf6 39. Qd3 Qf4 40. Bh5 Qg5+ 41. Bg4 Bd4 42. Kf3 Qc1 43. Qe2 Qc3+ 1/2-1/2

[Event "SVK-chT2C 1920"]
[Site "Slovakia"]
[Date "2019.10.26"]
[Round "1.5"]
[White "Kolesar, Peter"]
[Black "Gorcsi, Gabor"]
[Result "1/2-1/2"]
[WhiteElo "1975"]
[BlackElo "2204"]
[PlyCount "112"]
[EventDate "2019.10.26"]
[EventType "team-tourn"]
[EventRounds "11"]
[EventCountry "SVK"]
[SourceTitle "CBM 193 Extra"]
[Source "ChessBase"]
[SourceDate "2020.01.31"]
[SourceVersion "1"]
[SourceVersionDate "2020.01.31"]
[SourceQuality "1"]
[WhiteTeam "Zilina Mladost III"]
[BlackTeam "Vinica"]
[WhiteTeamCountry "SVK"]
[BlackTeamCountry "SVK"]

1. e4 c5 2. Nf3 e6 3. d4 cxd4 4. Nxd4 a6 5. Nc3 Qc7 6. a3 b5 7. g3 Bb7 8. Bg2 Nf6 9. 0-0 d6 10. h3 Nbd7 11. Re1 Be7 12. Be3 Ne5 13. Qe2 0-0 14. Rad1 Nc4 15. Bc1 Nd7 16. Nb1 Rac8 17. c3 Rfd8 18. Nd2 Bf6 19. Nf1 Qb6 20. Nh2 Nc5 21. Ng4 Be7 22. Kh2 Na4 23. Rd3 Nc5 24. Rdd1 Bf8 25. f4 e5 26. Nf5 Nb3 27. Be3 Nxe3 28. Nfxe3 exf4 29. gxf4 Re8 30. Nd5 Qd8 31. Qf2 Bxd5 32. Rxd5 Rc5 33. Red1 Rxd5 34. Rxd5 Na5 35. Qg3 Kh8 36. a4 bxa4 37. Qd3 Qb6 38. Rh5 h6 39. Qd5 Nc6 40. Qxf7 Qd8 41. Rxh6+ gxh6 42. Nf6 Bg7 43. Nxe8 Qe7 44. Qg6 Qf8 45. Kg3 Bxc3 46. Nxd6 Ne5 47. Qe6 Qg8+ 48. Qxg8+ Kxg8 49. fxe5 Bxe5+ 50. Kg4 Bxd6 51. Kf5 a3 52. bxa3 Bxa3 53. Kg6 Bf8 54. e5 a5 55. Bd5+ Kh8 56. Bb3 Be7 1/2-1/2